Loading...
| Science - Other Science | 1 | 2 | 0 | 1 | 35 | 53 | 99.67 | 1 | 1 |
| Geography | 1 | 1 | 0 | 1 | 25 | 60 | 91.50 | 0 | 2 |
| History - American History | 0 | 3 | 1 | 0 | 25 | 97 | 106.00 | 0 | 3 |
| Science - Chemistry | 0 | 3 | 1 | 1 | 25 | 91 | 105.67 | 0 | 2 |
| Current Events | 0 | 2 | 0 | 1 | 20 | 83 | 101.50 | 0 | 1 |
| Fine Arts - Auditory Fine Arts | 0 | 2 | 0 | 1 | 20 | 132 | 132.50 | 0 | 2 |
| Fine Arts - Other Fine Arts | 0 | 2 | 0 | 1 | 20 | 135 | 135.50 | 0 | 2 |
| Science - Physics | 0 | 2 | 1 | 0 | 15 | 91 | 105.00 | 0 | 2 |
| Religion | 0 | 1 | 0 | 0 | 10 | 95 | 95.00 | 0 | 1 |
| History - Other History | 0 | 1 | 0 | 1 | 10 | 121 | 121.00 | 0 | 0 |
| History - World History | 0 | 1 | 0 | 0 | 10 | 101 | 101.00 | 0 | 1 |
| Literature - American Literature | 0 | 1 | 0 | 1 | 10 | 133 | 133.00 | 0 | 0 |
| Philosophy | 0 | 1 | 0 | 0 | 10 | 80 | 80.00 | 0 | 1 |
| Literature - British Literature | 0 | 1 | 1 | 0 | 5 | 87 | 87.00 | 0 | 1 |
| Mythology | 0 | 1 | 1 | 1 | 5 | 160 | 160.00 | 0 | 1 |
| History - European History | 0 | 0 | 0 | 0 | 0 | 0.00 | 0 | 0 | |
| Social Science | 0 | 0 | 1 | 0 | -5 | 0.00 | 0 | 0 | |
| Science - Biology | 0 | 0 | 2 | 0 | -10 | 0.00 | 0 | 0 |